[Event "ISR-chT"]
[Site "Israel"]
[Date "2023.05.12"]
[Round "11.4"]
[White "Deutsch, Eyal"]
[Black "Linker, Mikhail"]
[Result "1/2-1/2"]
[WhiteElo "2297"]
[BlackElo "2297"]
[PlyCount "107"]
[EventDate "2023.01.11"]
[EventType "team-tourn"]
[EventRounds "11"]
[EventCountry "ISR"]
[SourceTitle "EXT 2024"]
[Source "ChessBase"]
[SourceDate "2023.10.10"]
[SourceVersion "1"]
[SourceVersionDate "2023.10.10"]
[SourceQuality "1"]
[WhiteTeam "Petah Tikva"]
[BlackTeam "Haifa Nesher"]
[WhiteTeamCountry "ISR"]
[BlackTeamCountry "ISR"]

1. d4 Nf6 2. Nc3 d5 3. Bf4 Bf5 4. Nb5 Na6 5. e3 c6 6. Nc3 Nc7 7. Nf3 e6 8. a3 Be7 9. Bd3 0-0 10. 0-0 Nce8 11. Ne5 Rc8 12. Ne2 Nd6 13. Ng3 Bxd3 14. cxd3 c5 15. dxc5 Rxc5 16. Qd2 Qb6 17. Ne2 Rfc8 18. Rfc1 a5 19. h3 h6 20. Rxc5 Rxc5 21. Rc1 a4 22. Rxc5 Qxc5 23. Nc3 b5 24. Na2 Bf8 25. Qc3 Nf5 26. g4 g5 27. Bh2 Nh4 28. Qxc5 Bxc5 29. Bg3 Bd6 30. Nc6 Nf3+ 31. Kf1 e5 32. Nc3 d4 33. exd4 exd4 34. Nxb5 Bc5 35. Ne5 Nd2+ 36. Ke2 Nb3 37. Kd1 h5 38. gxh5 Nxh5 39. Nd7 f5 40. Bb8 Kf7 41. Nxc5 Nxc5 42. Kc2 Nb3 43. Nd6+ Ke6 44. Nc4 Nf6 45. Nd2 Nxd2 46. Kxd2 Nd7 47. Bc7 f4 48. Ke2 Nc5 49. Bd8 Kf5 50. Bb6 Nb3 51. Kf3 Nd2+ 52. Ke2 Nb3 53. Kf3 Nd2+ 54. Ke2 1/2-1/2

[Event "ISR-chT"]
[Site "Israel"]
[Date "2023.05.03"]
[Round "10.2"]
[White "Deutsch, Eyal"]
[Black "Golod, Vitali"]
[Result "1/2-1/2"]
[WhiteElo "2297"]
[BlackElo "2501"]
[PlyCount "31"]
[EventDate "2023.01.11"]
[EventType "team-tourn"]
[EventRounds "11"]
[EventCountry "ISR"]
[SourceTitle "EXT 2024"]
[Source "ChessBase"]
[SourceDate "2023.10.10"]
[SourceVersion "1"]
[SourceVersionDate "2023.10.10"]
[SourceQuality "1"]
[WhiteTeam "Petah Tikva"]
[BlackTeam "Ashdod"]
[WhiteTeamCountry "ISR"]
[BlackTeamCountry "ISR"]

1. d4 d5 2. Nf3 Nf6 3. e3 c5 4. dxc5 e6 5. c4 Bxc5 6. Nc3 0-0 7. a3 dxc4 8. Qxd8 Rxd8 9. Bxc4 a6 10. b4 Be7 11. Bb2 b5 12. Be2 Bb7 13. 0-0 Nbd7 14. Rac1 a5 15. bxa5 b4 16. axb4 1/2-1/2

[Event "ISR-chT"]
[Site "Israel"]
[Date "2021.05.01"]
[Round "4.1"]
[White "Deutsch, Eyal"]
[Black "Finkel, Alexander"]
[Result "1/2-1/2"]
[WhiteElo "2338"]
[BlackElo "2416"]
[PlyCount "23"]
[EventDate "2021.04.22"]
[EventType "team-tourn"]
[EventRounds "11"]
[EventCountry "ISR"]
[SourceTitle "EXT 2022"]
[Source "ChessBase"]
[SourceDate "2021.10.06"]
[SourceVersion "1"]
[SourceVersionDate "2021.10.06"]
[SourceQuality "1"]
[WhiteTeam "Petah Tikva Elitzur Dov"]
[BlackTeam "Kfar Saba Hapoel II"]
[WhiteTeamCountry "ISR"]
[BlackTeamCountry "ISR"]

1. e4 d6 2. d4 Nf6 3. f3 g6 4. Be3 Bg7 5. Ne2 0-0 6. Qd2 c5 7. Nbc3 Nbd7 8. 0-0-0 Qa5 9. Kb1 Re8 10. Nd5 Qxd2 11. Nxf6+ Bxf6 12. Rxd2 1/2-1/2

[Event "ISR-chT"]
[Site "Israel"]
[Date "2021.04.23"]
[Round "2.1"]
[White "Kobo, Ori"]
[Black "Deutsch, Eyal"]
[Result "1/2-1/2"]
[WhiteElo "2482"]
[BlackElo "2338"]
[PlyCount "87"]
[EventDate "2021.04.22"]
[EventType "team-tourn"]
[EventRounds "11"]
[EventCountry "ISR"]
[SourceTitle "EXT 2022"]
[Source "ChessBase"]
[SourceDate "2021.10.06"]
[SourceVersion "1"]
[SourceVersionDate "2021.10.06"]
[SourceQuality "1"]
[WhiteTeam "Rishon Le Zion Feldklein"]
[BlackTeam "Petah Tikva Elitzur Dov"]
[WhiteTeamCountry "ISR"]
[BlackTeamCountry "ISR"]

1. e4 c6 2. d4 d5 3. e5 Bf5 4. h4 h5 5. Bd3 Bxd3 6. Qxd3 Qa5+ 7. Nd2 Qa6 8. e6 Qxd3 9. exf7+ Kxf7 10. cxd3 Nd7 11. Ndf3 Nh6 12. Nh3 Re8 13. Nhg5+ Kg8 14. Ne6 g6 15. Bf4 Bg7 16. Nxg7 Kxg7 17. 0-0 Nf5 18. Rfe1 Rhf8 19. Bd2 Rc8 20. Re2 Rfe8 21. Rae1 b6 22. Bg5 Kf7 23. Bf4 c5 24. dxc5 Nxc5 25. Ne5+ Kg7 26. Bg5 Nd4 27. Rd2 Nce6 28. g3 Nxg5 29. hxg5 Rc7 30. Kg2 e6 31. Nf3 Nxf3 32. Kxf3 Kf7 33. Rde2 Rc6 34. g4 Rh8 35. Re3 Ke7 36. R1e2 Kd7 37. gxh5 Rxh5 38. Kg4 Rh1 39. Kf4 Ke7 40. Ke5 Rh5 41. f4 Rh4 42. Rf3 Rc8 43. Kd4 Kd6 44. Rff2 1/2-1/2

[Event "ISR-chT"]
[Site "Israel"]
[Date "2020.09.04"]
[Round "9.4"]
[White "Parkhov, Yair"]
[Black "Deutsch, Eyal"]
[Result "1/2-1/2"]
[WhiteElo "2370"]
[BlackElo "2337"]
[PlyCount "30"]
[EventDate "2020.01.10"]
[EventType "team-tourn"]
[EventRounds "11"]
[EventCountry "ISR"]
[SourceTitle "EXT 2021"]
[Source "ChessBase"]
[SourceDate "2020.10.23"]
[SourceVersion "1"]
[SourceVersionDate "2020.10.23"]
[SourceQuality "1"]
[WhiteTeam "Tsafrir Rehovot"]
[BlackTeam "Petah Tikva Elitzur Maarav"]
[WhiteTeamCountry "ISR"]
[BlackTeamCountry "ISR"]

1. e4 e6 2. d4 d5 3. Nc3 Bb4 4. e5 c5 5. a3 Bxc3+ 6. bxc3 Qa5 7. Bd2 Qa4 8. Qg4 Kf8 9. Qd1 b6 10. dxc5 Ba6 11. c4 Bxc4 12. Bb4 a5 13. Bxc4 axb4 14. Bb3 Qa5 15. cxb6 bxa3+ 1/2-1/2

[Event "Titled Tuesday intern op 7th April"]
[Site "Chess.com INT"]
[Date "2020.04.07"]
[Round "8"]
[White "Burdalev, Kirill"]
[Black "Deutsch, Eyal"]
[Result "1/2-1/2"]
[WhiteElo "2394"]
[BlackElo "2328"]
[PlyCount "140"]
[EventDate "2020.04.07"]
[EventType "swiss (blitz)"]
[EventRounds "10"]
[EventCountry "USA"]
[SourceTitle "EXT 2021"]
[Source "ChessBase"]
[SourceDate "2020.10.23"]
[SourceVersion "1"]
[SourceVersionDate "2020.10.23"]
[SourceQuality "1"]

1. d4 Nf6 2. Nf3 e6 3. c4 c6 4. g3 d5 5. Nbd2 b6 6. Bg2 Ba6 7. 0-0 Nbd7 8. Qc2 Be7 9. b3 0-0 10. e4 Rc8 11. Re1 c5 12. e5 Ne8 13. cxd5 cxd4 14. Qe4 Bb7 15. Qxd4 Bxd5 16. Bb2 Nc7 17. Ne4 Nc5 18. Nd6 Rb8 19. Rad1 Ne8 20. Nxe8 Rxe8 21. h4 Qc7 22. h5 Qb7 23. Nh4 Rbd8 24. Qg4 Bxh4 25. Bxd5 Rxd5 26. h6 g6 27. Qxh4 Qe7 28. Qxe7 Rxe7 29. Rxd5 exd5 30. Rd1 Rd7 31. Bd4 Kf8 32. f4 Ke7 33. Kg2 Ke6 34. Kf3 Rc7 35. g4 Ne4 36. Ke3 Rc2 37. Rf1 Ng3 38. Rf3 Ne2 39. f5+ Ke7 40. fxg6 fxg6 41. Kd3 Rxa2 42. Rf6 Nxd4 43. Kxd4 Rd2+ 44. Ke3 Rg2 45. Rc6 Rxg4 46. Rc7+ Ke6 47. Rxa7 Kxe5 48. Rxh7 Rg3+ 49. Kd2 Rxb3 50. Rg7 Kf6 51. Rb7 Rh3 52. Rxb6+ Kf5 53. Rb5 Rxh6 54. Rxd5+ Kf4 55. Ke1 Rh1+ 56. Kf2 Rh2+ 57. Kg1 Ra2 58. Rd3 g5 59. Rc3 g4 60. Rb3 Rc2 61. Ra3 g3 62. Rb3 Kg4 63. Rb8 Rc4 64. Rg8+ Kf3 65. Rf8+ Rf4 66. Rxf4+ Kxf4 67. Kg2 Kg4 68. Kg1 Kf3 69. Kf1 g2+ 70. Kg1 Kg3 1/2-1/2

[Event "Titled Tuesday intern op 7th April"]
[Site "Chess.com INT"]
[Date "2020.04.07"]
[Round "5"]
[White "Elissalt Cardenas, Hector"]
[Black "Deutsch, Eyal"]
[Result "0-1"]
[WhiteElo "2279"]
[BlackElo "2328"]
[PlyCount "66"]
[EventDate "2020.04.07"]
[EventType "swiss (blitz)"]
[EventRounds "10"]
[EventCountry "USA"]
[SourceTitle "EXT 2021"]
[Source "ChessBase"]
[SourceDate "2020.10.23"]
[SourceVersion "1"]
[SourceVersionDate "2020.10.23"]
[SourceQuality "1"]

1. d4 d5 2. c4 c6 3. Nc3 Nf6 4. cxd5 cxd5 5. Bf4 a6 6. e3 Nc6 7. Bd3 Bg4 8. f3 Bh5 9. Nge2 e6 10. 0-0 Rc8 11. Rc1 Be7 12. a3 0-0 13. b4 Nd7 14. Bg3 Nb6 15. Bf2 Bg6 16. e4 Na7 17. Nf4 Bg5 18. Nxg6 hxg6 19. Rc2 Qd7 20. h4 Be7 21. Qe2 Rfd8 22. Rfc1 Bf6 23. e5 Be7 24. Nd1 Rxc2 25. Rxc2 Rc8 26. Rxc8+ Qxc8 27. Be1 Qc1 28. h5 gxh5 29. g4 hxg4 30. fxg4 Qxa3 31. Bc2 Qh3 32. Qd3 Qxd3 33. Bxd3 Nc6 0-1

[Event "Petah Tikva Winter GM"]
[Site "Petah Tikva"]
[Date "2020.03.03"]
[Round "9"]
[White "Deutsch, Eyal"]
[Black "Peng, Li Min"]
[Result "1/2-1/2"]
[WhiteElo "2337"]
[BlackElo "2426"]
[PlyCount "34"]
[EventDate "2020.01.26"]
[EventType "tourn"]
[EventRounds "9"]
[EventCountry "ISR"]
[EventCategory "8"]
[SourceTitle "CBM 195 Extra"]
[Source "ChessBase"]
[SourceDate "2020.05.31"]
[SourceVersion "1"]
[SourceVersionDate "2020.05.31"]
[SourceQuality "1"]

1. e4 g6 2. d4 Bg7 3. c3 d6 4. Bc4 Nf6 5. Qe2 0-0 6. Nf3 c6 7. 0-0 Nxe4 8. Qxe4 d5 9. Qe2 dxc4 10. Qxc4 Qd5 11. Qe2 Re8 12. Bf4 Bg4 13. Nbd2 Nd7 14. h3 Bxf3 15. Qxf3 Qxf3 16. Nxf3 e5 17. dxe5 Nxe5 1/2-1/2

[Event "ISR-chT"]
[Site "Israel"]
[Date "2020.02.08"]
[Round "6.1"]
[White "Deutsch, Eyal"]
[Black "Khmelniker, Ilya"]
[Result "0-1"]
[WhiteElo "2337"]
[BlackElo "2481"]
[PlyCount "68"]
[EventDate "2020.01.10"]
[EventType "team-tourn"]
[EventRounds "11"]
[EventCountry "ISR"]
[SourceTitle "CBM 194 Extra"]
[Source "ChessBase"]
[SourceDate "2020.03.31"]
[SourceVersion "1"]
[SourceVersionDate "2020.03.31"]
[SourceQuality "1"]
[WhiteTeam "Petah Tikva Elitzur Maarav"]
[BlackTeam "Beer Sheva K"]
[WhiteTeamCountry "ISR"]
[BlackTeamCountry "ISR"]

1. Nf3 Nf6 2. c4 b6 3. g3 Bb7 4. Bg2 e6 5. 0-0 Be7 6. Nc3 0-0 7. Qc2 c5 8. b3 Nc6 9. Bb2 d5 10. cxd5 Nb4 11. Qb1 Nbxd5 12. Nxd5 Bxd5 13. d3 Rc8 14. Rd1 b5 15. e4 Bb7 16. a4 a6 17. Ne5 Qc7 18. axb5 axb5 19. Qc2 Bd6 20. f4 Qb6 21. Kh1 Bxe5 22. Bxe5 Ng4 23. Qb2 f6 24. Bc3 b4 25. Be1 Ne3 26. Rd2 Nxg2 27. Kxg2 f5 28. Qc2 Rfd8 29. Re2 fxe4 30. dxe4 c4 31. bxc4 Qd4 32. Rc1 b3 33. Qxb3 Bxe4+ 34. Kh3 Qf6 0-1

[Event "Petah Tikva Winter GM"]
[Site "Petah Tikva"]
[Date "2020.02.06"]
[Round "6"]
[White "Lomasov, Semen"]
[Black "Deutsch, Eyal"]
[Result "1/2-1/2"]
[WhiteElo "2546"]
[BlackElo "2337"]
[PlyCount "61"]
[EventDate "2020.01.26"]
[EventType "tourn"]
[EventRounds "9"]
[EventCountry "ISR"]
[EventCategory "8"]
[SourceTitle "CBM 195 Extra"]
[Source "ChessBase"]
[SourceDate "2020.05.31"]
[SourceVersion "1"]
[SourceVersionDate "2020.05.31"]
[SourceQuality "1"]

1. e4 c6 2. d4 d5 3. e5 Bf5 4. h4 h5 5. Bd3 Bxd3 6. Qxd3 Qa5+ 7. Nd2 Qa6 8. c4 e6 9. Ngf3 Nd7 10. b3 Be7 11. a4 Nh6 12. 0-0 Nf5 13. Ba3 Bxa3 14. Rxa3 0-0 15. a5 c5 16. Rb1 cxd4 17. b4 Qc6 18. c5 Qc7 19. Re1 Rfc8 20. Qe2 b6 21. cxb6 axb6 22. a6 Qc2 23. Rb1 Rc3 24. Ne1 Qxd2 25. Qxd2 Rxa3 26. b5 Nc5 27. Nc2 Ra2 28. Qd1 Ne4 29. Ra1 Nc3 30. Qd3 Rb2 31. Ra3 1/2-1/2

[Event "ISR-chT"]
[Site "Israel"]
[Date "2020.01.18"]
[Round "4.4"]
[White "Deutsch, Eyal"]
[Black "Manor, Ilan"]
[Result "0-1"]
[WhiteElo "2337"]
[BlackElo "2457"]
[PlyCount "78"]
[EventDate "2020.01.10"]
[EventType "team-tourn"]
[EventRounds "11"]
[EventCountry "ISR"]
[SourceTitle "CBM 194 Extra"]
[Source "ChessBase"]
[SourceDate "2020.03.31"]
[SourceVersion "1"]
[SourceVersionDate "2020.03.31"]
[SourceQuality "1"]
[WhiteTeam "Petah Tikva Elitzur Maarav"]
[BlackTeam "Petah Tikva Hapoel"]
[WhiteTeamCountry "ISR"]
[BlackTeamCountry "ISR"]

1. e4 c5 2. Nc3 e6 3. g3 d5 4. exd5 exd5 5. Bg2 Nf6 6. d3 h6 7. Nge2 g5 8. h4 Rg8 9. hxg5 hxg5 10. Bd2 Be7 11. Ng1 Nc6 12. Nh3 d4 13. Ne4 Nxe4 14. Bxe4 Ne5 15. Qe2 Be6 16. Nxg5 Bg4 17. f3 Bxg5 18. Bxg5 Qxg5 19. fxg4 Qxg4 20. Qxg4 Nxg4 21. Bxb7 Rb8 22. Bc6+ Ke7 23. Ba4 Ne3 24. Kf2 Rxb2 25. Rhb1 Rb6 26. Rxb6 axb6 27. Re1 Kd6 28. Rh1 Rg6 29. Rh7 Ng4+ 30. Kg2 Rf6 31. Bb3 Ne3+ 32. Kh2 Ke7 33. a4 Nxc2 34. Bxc2 Rf2+ 35. Kh3 Rxc2 36. Rh6 Rc3 37. Rxb6 Rxd3 38. Rc6 Rc3 39. Rc7+ Kd6 0-1

[Event "Titled Tuesday intern op 6th Aug"]
[Site "Chess.com INT"]
[Date "2019.08.06"]
[Round "1"]
[White "Deutsch, Eyal"]
[Black "Baches Garcia, Guillermo"]
[Result "1/2-1/2"]
[WhiteElo "2337"]
[BlackElo "2322"]
[PlyCount "124"]
[EventDate "2019.08.06"]
[EventType "swiss (blitz)"]
[EventRounds "10"]
[EventCountry "USA"]
[SourceTitle "EXT 2021"]
[Source "ChessBase"]
[SourceDate "2020.10.23"]
[SourceVersion "1"]
[SourceVersionDate "2020.10.23"]
[SourceQuality "1"]

1. e4 c5 2. Nc3 d6 3. Bb5+ Bd7 4. Bxd7+ Qxd7 5. d4 cxd4 6. Qxd4 Nc6 7. Qd3 g6 8. Be3 Bg7 9. Nge2 Nf6 10. f3 Ne5 11. Qb5 0-0 12. Qxd7 Nfxd7 13. 0-0-0 Nc4 14. Bd4 Rac8 15. Nd5 Rfe8 16. Bxg7 Kxg7 17. b3 Ncb6 18. Nef4 Nxd5 19. Nxd5 Nf6 20. Ne3 Rc6 21. Kb2 Rec8 22. c4 a6 23. a4 e6 24. Rd4 Kf8 25. Rhd1 Ke7 26. a5 h5 27. h4 Nd7 28. b4 Ne5 29. Kb3 f5 30. f4 Ng4 31. Nxg4 hxg4 32. e5 dxe5 33. fxe5 R8c7 34. g3 b6 35. axb6 Rxb6 36. Kc3 a5 37. bxa5 Ra6 38. Ra1 Rc5 39. Kb4 Rxe5 40. c5 Re3 41. Kb5 Ra8 42. a6 Rxg3 43. a7 Rb3+ 44. Kc6 g3 45. Rd7+ Kf6 46. Rb7 Rc3 47. Rb8 Rxa7 48. Rxa7 g2 49. Ra1 f4 50. Rf8+ Ke5 51. Rg1 f3 52. Kd7 Ke4 53. c6 Ke3 54. c7 Kf2 55. Rd1 Kg3 56. c8Q Rxc8 57. Kxc8 f2 58. Rd3+ Kxh4 59. Rd4+ Kg3 60. Rd3+ Kh4 61. Rd4+ Kg3 62. Rd3+ Kh4 1/2-1/2

[Event "Titled Tuesday intern op 6th Aug"]
[Site "Chess.com INT"]
[Date "2019.08.06"]
[Round "3"]
[White "Deutsch, Eyal"]
[Black "Rodrigues, Edgar"]
[Result "1-0"]
[WhiteElo "2337"]
[BlackElo "2322"]
[PlyCount "89"]
[EventDate "2019.08.06"]
[EventType "swiss (blitz)"]
[EventRounds "10"]
[EventCountry "USA"]
[SourceTitle "EXT 2021"]
[Source "ChessBase"]
[SourceDate "2020.10.23"]
[SourceVersion "1"]
[SourceVersionDate "2020.10.23"]
[SourceQuality "1"]

1. d4 Nf6 2. Nc3 d5 3. Bf4 e6 4. Nb5 Na6 5. e3 Be7 6. c4 0-0 7. Nf3 Ne4 8. Bd3 Bb4+ 9. Ke2 b6 10. a3 Be7 11. cxd5 exd5 12. Qc2 c5 13. Nc3 Nxc3+ 14. Qxc3 Bb7 15. Rhd1 Qd7 16. Qc2 g6 17. Ne5 Qe6 18. Qa4 c4 19. Bb1 f6 20. Nf3 Nb8 21. Kf1 Nd7 22. Qc2 Rac8 23. Qe2 Rfe8 24. Bc2 Bf8 25. Nd2 b5 26. b3 Nb6 27. Nb1 cxb3 28. Bxb3 Nc4 29. a4 Bc6 30. Kg1 bxa4 31. Bxa4 a6 32. Bxc6 Rxc6 33. Nd2 g5 34. Bg3 Rec8 35. Nxc4 Rxc4 36. Qa2 Qf5 37. Qxa6 h5 38. h3 h4 39. Bh2 Rc2 40. Rf1 Bb4 41. Qb7 Be1 42. Ra7 Bxf2+ 43. Kh1 Qg6 44. Rxf2 Rc1+ 45. Bg1 1-0

[Event "ISR-chT"]
[Site "Israel"]
[Date "2018.02.09"]
[Round "5.5"]
[White "Deutsch, Eyal"]
[Black "Rozentalis, Eduardas"]
[Result "1/2-1/2"]
[WhiteElo "2350"]
[BlackElo "2527"]
[PlyCount "125"]
[EventDate "2018.01.05"]
[EventType "team-tourn"]
[EventRounds "11"]
[EventCountry "ISR"]
[SourceTitle "CBM 182 Extra"]
[Source "ChessBase"]
[SourceDate "2018.02.23"]
[SourceVersion "1"]
[SourceVersionDate "2018.02.23"]
[SourceQuality "1"]
[WhiteTeam "Petah Tikva Elitzur Dov"]
[BlackTeam "Kfar Saba Hapoel"]
[WhiteTeamCountry "ISR"]
[BlackTeamCountry "ISR"]

1. d4 Nf6 2. Nc3 d5 3. Bf4 c6 4. e3 Bf5 5. f3 e6 6. g4 Bg6 7. h4 h5 8. g5 Ng8 9. Bd3 Bxd3 10. Qxd3 Ne7 11. Nge2 Ng6 12. e4 Bd6 13. Bxd6 Qxd6 14. 0-0-0 Nd7 15. Qe3 Nb6 16. Kb1 0-0-0 17. b3 Kb8 18. Ka1 Rd7 19. f4 dxe4 20. Nxe4 Nd5 21. Qf3 Qc7 22. Nc5 Rdd8 23. Nd3 Nde7 24. c3 Nf5 25. Qf2 Rd5 26. Kb2 Rhd8 27. Qf3 Rh8 28. Qf2 a5 29. Ne1 c5 30. Nc2 Rhd8 31. Qf3 cxd4 32. Ncxd4 Nxd4 33. Rxd4 Rxd4 34. cxd4 Qd6 35. f5 exf5 36. Qxf5 Re8 37. Qf3 Qb4 38. Rd1 Nxh4 39. Qxh5 Nf5 40. Nc3 Ne3 41. Rd3 Nc4+ 42. Kc2 Ne3+ 43. Kb2 a4 44. Qf3 Nc4+ 45. Kc2 axb3+ 46. axb3 Na3+ 47. Kb2 Nc4+ 48. Kc2 Nd6 49. Qd5 Rc8 50. Kd1 f6 51. gxf6 gxf6 52. Na4 Re8 53. Nc3 f5 54. Kc2 Rc8 55. Kb2 Nc4+ 56. Kc2 Nd6 57. Kb2 Rc6 58. Qg8+ Ka7 59. Qg1 Nc4+ 60. Kc2 Na3+ 61. Kb2 Nc4+ 62. Kc2 Na3+ 63. Kb2 1/2-1/2

[Event "Maccabiah GM-A"]
[Site "Jerusalem"]
[Date "2017.07.09"]
[Round "4"]
[White "Rozentalis, Eduardas"]
[Black "Deutsch, Eyal"]
[Result "1-0"]
[WhiteElo "2509"]
[BlackElo "2342"]
[PlyCount "75"]
[EventDate "2017.07.05"]
[EventType "tourn"]
[EventRounds "9"]
[EventCountry "ISR"]
[EventCategory "12"]
[SourceTitle "CBM 180"]
[Source "ChessBase"]
[SourceDate "2017.09.13"]
[SourceVersion "1"]
[SourceVersionDate "2017.09.13"]
[SourceQuality "1"]

1. e4 d5 2. exd5 Qxd5 3. Nc3 Qd6 4. d4 c6 5. Nf3 Nf6 6. Ne5 Nbd7 7. f4 Nb6 8. g4 Nbd5 9. Bg2 g6 10. g5 Nxc3 11. bxc3 Nd7 12. 0-0 Bg7 13. a4 Nxe5 14. fxe5 Qc7 15. Be4 Be6 16. a5 0-0 17. Ba3 Rfe8 18. Qf3 Rac8 19. a6 b6 20. Rae1 Qd7 21. Rd1 Bd5 22. Bxd5 Qxd5 23. Qf4 Qe6 24. Rd3 c5 25. Rdf3 cxd4 26. cxd4 Rxc2 27. Qxf7+ Qxf7 28. Rxf7 Bf8 29. d5 Rc3 30. d6 exd6 31. Bxd6 Bg7 32. Rxa7 Bxe5 33. Be7 Rc2 34. Rb7 Ra2 35. Bf6 Bxf6 36. gxf6 Rf8 37. a7 h5 38. Re1 1-0

[Event "ISR-chT"]
[Site "Israel"]
[Date "2017.03.10"]
[Round "9"]
[White "Deutsch, Eyal"]
[Black "Rozentalis, Eduardas"]
[Result "1/2-1/2"]
[WhiteElo "2329"]
[BlackElo "2548"]
[PlyCount "51"]
[EventDate "2017.01.09"]
[EventType "team-tourn"]
[EventRounds "11"]
[EventCountry "ISR"]
[SourceTitle "EXT 2018"]
[Source "ChessBase"]
[SourceDate "2017.10.13"]
[SourceVersion "1"]
[SourceVersionDate "2017.10.13"]
[SourceQuality "1"]

1. d4 Nf6 2. Nc3 d5 3. Bf4 c6 4. e3 g6 5. h3 Bg7 6. Nf3 0-0 7. Bd3 a5 8. 0-0 Bf5 9. Ne2 Bxd3 10. Qxd3 Qb6 11. c4 Qa6 12. Rfc1 Nbd7 13. Qb3 a4 14. Qc2 Rfc8 15. Ne5 Nf8 16. Nd3 N6d7 17. cxd5 cxd5 18. Nc3 e6 19. Qd1 h6 20. Rab1 g5 21. Bg3 Ng6 22. Ne2 Bf8 23. Rxc8 Rxc8 24. Rc1 b5 25. Rxc8 Qxc8 26. b3 1/2-1/2

[Event "Maccabiah GM2"]
[Site "Jerusalem"]
[Date "2013.07.25"]
[Round "7"]
[White "Deutsch, Eyal"]
[Black "Golod, Vitali"]
[Result "0-1"]
[WhiteElo "2380"]
[BlackElo "2578"]
[PlyCount "74"]
[EventDate "2013.07.21"]
[EventType "tourn"]
[EventRounds "9"]
[EventCountry "ISR"]
[EventCategory "9"]
[SourceTitle "CBM 155 Extra"]
[Source "ChessBase"]
[SourceDate "2013.08.26"]
[SourceVersion "1"]
[SourceVersionDate "2013.08.26"]
[SourceQuality "1"]

1. d4 Nf6 2. Nf3 g6 3. Bf4 Bg7 4. e3 d6 5. Nbd2 0-0 6. Be2 Nfd7 7. h3 e5 8. Bh2 f5 9. dxe5 dxe5 10. Nc4 Nc6 11. c3 Qe7 12. a4 Kh8 13. Qb3 Nb6 14. a5 Nxc4 15. Bxc4 f4 16. e4 a6 17. Qa3 Qf6 18. Nd2 Rd8 19. Ke2 Bf8 20. b4 Na7 21. Rhd1 Nb5 22. Qb2 Be6 23. Qb3 Bxc4+ 24. Qxc4 Rd6 25. Qb3 Rc6 26. Nb1 Rd8 27. Ra2 Rxd1 28. Kxd1 f3 29. g4 Bh6 30. h4 Rd6+ 31. Ke1 Qxh4 32. Bxe5+ Bg7 33. Bxd6 Qh1+ 34. Kd2 Bh6+ 35. Kc2 Qc1+ 36. Kd3 Qf1+ 37. Kc2 Qe2+ 0-1

[Event "Maccabiah GM2"]
[Site "Jerusalem"]
[Date "2013.07.22"]
[Round "2"]
[White "Kantsler, Boris"]
[Black "Deutsch, Eyal"]
[Result "1/2-1/2"]
[WhiteElo "2430"]
[BlackElo "2380"]
[PlyCount "60"]
[EventDate "2013.07.21"]
[EventType "tourn"]
[EventRounds "9"]
[EventCountry "ISR"]
[EventCategory "9"]
[SourceTitle "CBM 155 Extra"]
[Source "ChessBase"]
[SourceDate "2013.08.26"]
[SourceVersion "1"]
[SourceVersionDate "2013.08.26"]
[SourceQuality "1"]

1. d4 d5 2. c4 c6 3. Nf3 Nf6 4. Nc3 a6 5. a4 e6 6. Bg5 Be7 7. e3 a5 8. Be2 Na6 9. 0-0 Nb4 10. Qb3 0-0 11. Rac1 b6 12. Rfd1 Ba6 13. Bxf6 Bxf6 14. e4 Rc8 15. Bf1 dxc4 16. Bxc4 Bxc4 17. Qxc4 Qd7 18. g3 Rfd8 19. Kg2 Qb7 20. Qe2 h6 21. Rd2 c5 22. Rcd1 cxd4 23. Nxd4 Nc6 24. Ndb5 Rxd2 25. Rxd2 Rd8 26. Rxd8+ Bxd8 27. h3 Bf6 28. Qd3 Be7 29. Qd2 Nb4 30. Qd4 Nc6 1/2-1/2